Washington Assembly of the International Rubber Study Group (Record no. 49657)

MARC details
000 -LEADER
fixed length control field 00318nam a2200121Ia 4500
100 ## - MAIN ENTRY--AUTHOR NAME
Personal name Menon P.M.
245 #0 - TITLE STATEMENT
Title Washington Assembly of the International Rubber Study Group
260 ## - PUBLICATION, DISTRIBUTION, ETC. (IMPRINT)
Name of publisher Rubber Board Bulletin
Year of publication 1977
300 ## - PHYSICAL DESCRIPTION
Number of Pages 13-Oct
650 ## - SUBJECT ADDED ENTRY--TOPICAL TERM
Topical Term IRSG
942 ## - ADDED ENTRY ELEMENTS (KOHA)
Koha item type Bibliography STAF
Holdings
Withdrawn status Lost status Damaged status Not for loan Home library Current library Shelving location Date acquired Serial Enumeration / chronology Koha item type
      Bibliography RRII Library RRII Library Economics 09/04/2014 Volume 14, Issue 1&2 Bibliography STAF